La arquitectura de la ilustración: barroco y posbarroco en Inglaterra, Italia y Francia

Sábháilte in:
Sonraí bibleagrafaíochta
Príomhchruthaitheoir: Kaufmann, Emil (Údar)
Formáid: LEABHAR
Teanga:Spáinnis
Foilsithe / Cruthaithe: Barcelona Gustavo Gili 1974
Sraith:Biblioteca de Arquitectura
Ábhair:
Clibeanna: Cuir clib leis
Níl clibeanna ann, Bí ar an gcéad duine le clib a chur leis an taifead seo!

MARC

LEADER 00000nam a2200000 a 4500
001 UCT4428
003 CL-VaPUC
008 961114e19740000SP |||||||||||||||||spa|d
082 0 4 |a 724.19  |b KAU  |2 21 
100 |a Kaufmann, Emil  |e author  |9 373736 
245 1 3 |a La arquitectura de la ilustración: barroco y posbarroco en Inglaterra, Italia y Francia 
300 |a 416 p 
942 |c BK 
945 |d 19961114 00:00:00  |a nastorga 
260 |a Barcelona  |b Gustavo Gili  |c 1974 
650 0 |a Arquitectura barroca   |9 266043 
650 0 |a Arquitectura moderna  |9 265021 
650 0 |a Romanticismo   |9 266698 
650 0 |a Renacimiento  |9 255107 
650 0 |a Arquitectos   |9 268647 
650 0 |a Industrialización  |9 263687 
651 0 |a Inglaterra  |9 255158 
651 0 |a Italia  |9 254949 
651 0 |a Francia  |9 255157 
583 |a last modification  |c 19961114 00:00:00  |k Rodrigo Vera 
490 0 |a Biblioteca de Arquitectura 
999 |c 253793  |d 253791 
952 |0 0  |1 0  |4 0  |6 724_190000000000000_KAU_1974  |7 0  |8 A  |9 274883  |a BIBARQ  |b BIBARQ  |d 2019-11-19  |i 3250857  |o 724.19 KAU 1974  |p 3250857  |r 2025-01-20  |w 2019-11-19  |y BK  |k ARQ